Metódy určovania plastickej deformácie materiálu v procesoch tvárnenia

Salvato in:
Dettagli Bibliografici
Autore principale: Galbavý, Marek, 1992- (Autore)
Altri autori: Šugárová, Jana, 1970- (Relatore della tesi)
Natura: Manoscritto Libro
Lingua:slovacco
Pubblicazione: Trnava : STU v Bratislave MTF UVTE, 2014
Soggetti:
Accesso online:VAIS
Tags: Aggiungi Tag
Nessun Tag, puoi essere il primo ad aggiungerne!!

MARC

LEADER 00000ntm a22000003a 4500
001 stu293371
005 20150617230316.2
008 140708s2014----xo------------------slo-d
040 |a STU  |b slo 
041 0 |a slo 
044 |a xo 
100 1 |a Galbavý, Marek,  |d 1992-  |4 aut  |u M  |T MTF Materiálovotechnologická fakulta  |X 45846  |U M  |Y 60  |7 A000045846 
242 0 0 |a Methods for determining the plastic deformation of the material in forming processes  |y eng 
245 1 |a Metódy určovania plastickej deformácie materiálu v procesoch tvárnenia 
260 |a Trnava :  |b STU v Bratislave MTF UVTE,  |c 2014 
300 |a 78s  |c CD 
650 7 |a počítačová podpora výrobných technológií  |2 stusub 
650 7 |a Computer-Aided Production Technologies  |2 estusub 
650 7 |a deformation  |2 estusub 
650 7 |a optical scanning  |2 estusub 
650 7 |a systémy hodnotenia  |2 stusub 
650 7 |a pretvorenie  |2 stusub 
650 7 |a plastická deformácia  |2 stusub 
650 7 |a optické skenovanie  |2 stusub 
700 1 |a Šugárová, Jana,  |d 1970-  |4 ths  |u M3000  |U MTF Materiálovotechnologická fakulta  |T MTF Ústav výrobných technológií  |X 54646  |U M3000  |Y 83  |7 A000054646 
856 4 |a info a plný text  |u http://is.stuba.sk/zp/portal_zp.pl?podrobnosti=87589  |3 VAIS 
996 |c M*BP-6631  |l MMSKP  |s P  |a 0  |w stu293371_0001